000 00514nam a2200169Ia 4500
005 20250508162717.0
008 008 250505s9999 xx 000 0 eng d
037 _aReference
040 _aFEDL
_beng
_cFEDL
041 _aeng
_2eng
084 _a370.954, IND
_qFEDL
100 _aPanchamukhi P R Ed.
_9371002
245 0 _aEducational reforms at different levels Vol. 2-4
260 _aBombay, India
_bHimalaya Publishing House
_c1989
942 _cREF
_h370.954, IND
999 _c1378214
_d1378214